Les Misérables - "I Dreamed a Dream" lyrics - Statistics

General Stats
  • This quiz has been taken 278 times
  • The average score is 184 of 214
Answer Stats
Lyrics % Correct
A
100%
I
100%
Dream
100%
I
100%
Time
99%
Time
99%
By
98%
Dreamed
98%
Gone
98%
Was
98%
The
97%
There
97%
When
97%
And
95%
In
95%
We
95%
He
93%
Would
93%
Life
92%
Living
92%
So
92%
That
92%
Be
91%
Love
91%
Me
91%
To
91%
Were
91%
Die
89%
Never
89%
But
88%
Worth
88%
Come
87%
My
87%
With
86%
Forgiving
85%
God
85%
Night
85%
No
85%
Their
85%
Young
85%
At
84%
He'll
83%
Hell
83%
Then
83%
Tigers
83%
Unafraid
83%
Dreams
82%
It
82%
As
81%
Kind
81%
Soft
81%
They
81%
Voices
81%
Thunder
80%
Cannot
79%
From
79%
Hope
79%
Men
79%
This
79%
Came
78%
I'm
78%
Are
77%
Different
76%
Paid
76%
Your
76%
Childhood
75%
His
75%
Live
75%
Ransom
75%
Song
75%
Together
75%
Took
75%
Apart
74%
Autumn
74%
Still
74%
Tear
74%
All
73%
Shame
73%
Untasted
73%
Summer
72%
Unsung
72%
Wine
72%
Has
71%
Killed
71%
Side
71%
Wasted
71%
Now
70%
Stride
70%
Went
70%
Had
69%
Years
69%
Made
68%
Used
68%
Weather
68%
What
68%
Will
68%
Wrong
67%
Storms
66%
Days
65%
Turn
65%
Filled
63%
Endless
62%
High
62%
Wonder
61%
Words
60%
Slept
59%
Inviting
58%
Seemed
56%
World
55%
Blind
53%
Exciting
52%
No matching quizzes found
Score Distribution
Percent of People with Each Score
Percentile by Number Answered
Your Score History
You have not taken this quiz